• 首页
  • 本馆介绍
  • 公告通知
  • 最新文献
  • 馆藏检索
  • 电子资源
  • 读者导购
  • 参考咨询
  • 我的图书馆
  • 登录
  • 详细信息显示
  • 放入我的书架
  • 预约/预借图书
  • 作者相关作品
  • 分类相关作品
  • 丛书相关作品
  • 出版社相关作品

书目信息

  • 表格格式
  • 工作单格式
  • 卡片格式
题名:
效率改变中国
    
 
作者: 王洋 , 李践 著
分册:  
出版信息: 北京   机械工业出版社  2012
页数: 17,172页
开本: 24cm
丛书名:
单 册:
中图分类: F279.23
科图分类:
主题词: 企业管理--经济效率--研究--中国 , 企业管理 , 经济效率
电子资源:
ISBN: 978-7-111-37789-4
000 00954nam0 22002771 450
001 523
005 20140909092903.18
010    @a978-7-111-37789-4@dCNY39.80
100    @a20120627d2012 em y0chiy50 ea
101 0  @achi
102    @aCN@b110000
105    @ay z 000yy
106    @ar
200 1  @a效率改变中国@AXiao Lv Gai Bian Zhong Guo@f王洋,李践著@FWang Yang, Li Jian Zhu
210    @a北京@c机械工业出版社@d2012
215    @a17,172页@d24cm
300    @a五项管理效率专家
330    @a本书为广大的企业家朋友们解开“效率”秘密,即“效率两翼图”,旨在通过六大原创观点和六大思维模型,帮助企业家、管理者、创业者、职场精英们改善效率观,实现企业和个人的高增长。
606 0  @a企业管理@x经济效率@x研究@y中国
606 0  @a企业管理
606 0  @a经济效率
690    @aF279.23@v5
701  0 @a王洋@AWang Yang@c(企业管理)@4著
701  0 @a李践@ALi Jian@f(1965~)@4主编
801  0 @aCN@bTANGWEI@c20140603
905    @b0836907-09@dF279.23@e1133@f3
    
    效率改变中国/王洋,李践著.-北京:机械工业出版社,2012
    17,172页;24cm
    五项管理效率专家
    
    ISBN 978-7-111-37789-4:CNY39.80
    本书为广大的企业家朋友们解开“效率”秘密,即“效率两翼图”,旨在通过六大原创观点和六大思维模型,帮助企业家、管理者、创业者、职场精英们改善效率观,实现企业和个人的高增长。
●
相关链接 在E读中查询图书 在五车中查询图书 在当当中查询图书 在豆瓣中查询图书


正题名:效率改变中国     索取号:F279.23/1133         预约/预借

序号 登录号 条形码 馆藏地/架位号 状态 备注
1 0836907   208369077   第一样本阅览室/ [索取号:F279.23/1133] 在馆    
2 0836908   208369086   第一借阅区/ [索取号:F279.23/1133] 在馆    
3 0836909   208369095   密集书库-海洋学院/ [索取号:F279.23/1133] 在馆    
唐山师范学院图书馆 欢迎您!
大连网信软件有限公司© 版权所有